000 00341nam a2200145Ia 4500
008 191201s2009 xx 000 0 und d
082 _a628
_bSMI
100 _aSMITH, JO
245 0 _aIntroduction to Environment Modelling
250 _aRep
260 _aN. Delhi
_bOxford
_c2009
300 _a180
650 _aB.Tech(CE)
942 _2ddc
_cBK
999 _c5409
_d5409